| 000 | 00425pab a2200169 454500 | ||
|---|---|---|---|
| 008 | 180718b2001 xxu||||| |||| 00| 0 eng d | ||
| 100 | _aChiplunkar, Chandrashekhar | ||
| 245 | _aObservations on Indian textile industry | ||
| 260 | _c2001 | ||
| 300 | _ap.439-53. | ||
| 362 | _aOct-Dec | ||
| 650 | _aTextile industry | ||
| 700 | _aChattopadhay, R. | ||
| 700 | _aDeshmukh, S.G. | ||
| 773 | _aProductivity | ||
| 909 | _a52141 | ||
| 999 |
_c52141 _d52141 |
||